Adam Smith en Pekín : (Registro nro. 11683)

Detalles MARC
000 -LEADER
fixed length control field 01513nam a2200301Ia 4500
003 - CONTROL NUMBER IDENTIFIER
control field OSt
005 - DATE AND TIME OF LATEST TRANSACTION
control field 20210512162552.0
008 - FIXED-LENGTH DATA ELEMENTS--GENERAL INFORMATION
fixed length control field 210310s2007 sp ad gr 000 0 spa d
020 ## - INTERNATIONAL STANDARD BOOK NUMBER
International Standard Book Number 9788446027355
040 ## - CATALOGING SOURCE
Original cataloging agency CO-JMCR
Transcribing agency CO-JMCR
041 1# - LANGUAGE CODE
Language code of text/sound track or separate title spa
Language code of original eng
082 04 - DEWEY DECIMAL CLASSIFICATION NUMBER
Classification number 330.951 /
Item number A773a
Edition number 23
100 1# - MAIN ENTRY--PERSONAL NAME
Personal name Arringhi, Giovanni,
Relator term autor
9 (RLIN) 26181
245 #0 - TITLE STATEMENT
Title Adam Smith en Pekín :
Remainder of title orígenes y fundamentos del siglo XXI /
Statement of responsibility, etc. Giovanni Arrighi ; traducción de Juanmari Madariaga
260 ## - PUBLICATION, DISTRIBUTION, ETC.
Place of publication, distribution, etc. Madrid, España :
Name of publisher, distributor, etc. Akal ,
Date of publication, distribution, etc. 2007.
300 ## - PHYSICAL DESCRIPTION
Extent 431 páginas :
Other physical details ilustraciones y gráficas en blanco y negro ;
Dimensions 24 cm.
490 0# - SERIES STATEMENT
Series statement Cuestiones de antagonismo ;
Volume/sequential designation 50.
500 ## - GENERAL NOTE
General note Datos biográficos del autor en tapa posterior.
501 ## - WITH NOTE
With note Con: notas a pie de página.
504 ## - BIBLIOGRAPHY, ETC. NOTE
Bibliography, etc. note Bibliografía: páginas 405-428.
505 0# - FORMATTED CONTENTS NOTE
Formatted contents note Adam Smit y la nueva era asiática. -- Indagaciones sobre la turbulencia global. -- El desmoronamiento de la hegemonía. -- Orígenes y fundamentos de la nueva era asiática
520 0# - SUMMARY, ETC.
Summary, etc. Este libro analiza magistralmente cuál ha sido la senda de evolución socio-económica de China durante los últimos siglos al hilo de los cuales el capitalismo surgió en el extremo occidental de Eurasia llegando a subyugar a todo el paneta a finales del siglo XIX.
650 14 - SUBJECT ADDED ENTRY--TOPICAL TERM
Topical term or geographic name entry element Desarrollo económico
9 (RLIN) 37579
650 24 - SUBJECT ADDED ENTRY--TOPICAL TERM
Topical term or geographic name entry element Historia económica
9 (RLIN) 37580
650 24 - SUBJECT ADDED ENTRY--TOPICAL TERM
Topical term or geographic name entry element Economía
General subdivision Aspectos sociológicos
9 (RLIN) 37581
700 1# - ADDED ENTRY--PERSONAL NAME
Personal name Madariaga, Juanmari,
Relator term traductor
9 (RLIN) 6964
942 ## - ADDED ENTRY ELEMENTS (KOHA)
Source of classification or shelving scheme Dewey Decimal Classification
Koha item type Books
Existencias
Withdrawn status Lost status Source of classification or shelving scheme Damaged status Not for loan Home library Current library Shelving location Date acquired Source of acquisition Full call number Barcode Date last seen Copy number Price effective from Koha item type
    Dewey Decimal Classification     Biblioteca Pública José María del Castillo y Rada Biblioteca Pública José María del Castillo y Rada General Stacks 04/15/2018 Donación 330.951 / A773a 430002127 05/16/2024 Ej.1 03/10/2021 Books